(An) introduction to chemical thermodynamics (Record no. 710)

MARC details
000 -LEADER
Fixed length control field 00506nam a2200193 4500
003 - CONTROL NUMBER IDENTIFIER
Control field SEACOMEC
005 - DATE AND TIME OF LATEST TRANSACTION
Control field 20240227152949.0
008 - FIXED-LENGTH DATA ELEMENTS--GENERAL INFORMATION
Fixed length control field 240227b |||||||| |||| 00| 0 eng d
020 ## - INTERNATIONAL STANDARD BOOK NUMBER / ISBN
Price Rs.195.00
040 ## - CATALOGING SOURCE
Original cataloging agency SEACOMEC
082 ## - DEWEY DECIMAL CLASSIFICATION NUMBER
Classification number 541.369
Book Number R231
100 ## - MAIN ENTRY--PERSONAL NAME
Personal name Rastogi,R.P.
245 1# - TITLE STATEMENT
Title (An) introduction to chemical thermodynamics
Statement of responsibility R.P. Rastogi,R.R.Misra
250 ## - EDITION STATEMENT
Edition statement 6thed.
260 ## - IMPRINT
Place of publication New Delhi
Name of publisher Vikas
Date of publication 2003
650 ## - SUBJECT ADDED ENTRY--TOPICAL TERM
Topical term mathematics,Physical chemistry
700 ## - ADDED ENTRY--PERSONAL NAME
Personal name Misra,R.R.
942 ## - ADDED ENTRY ELEMENTS (KOHA)
Koha item type Books
Holdings
Withdrawn status Lost status Source of classification Damaged status Not for loan Home library Current library Date acquired Total Checkouts Call number Accession number Date last seen Copy number Price effective from Koha item type
    Dewey Decimal Classification     SEACOM ENGINEERING COLLEGE SEACOM ENGINEERING COLLEGE 09/02/2024   541.369 R231 03057 27/02/2024 5 27/02/2024 Books
    Dewey Decimal Classification     SEACOM ENGINEERING COLLEGE SEACOM ENGINEERING COLLEGE 09/02/2024   541.369 R231 03058 27/02/2024 6 27/02/2024 Books
    Dewey Decimal Classification     SEACOM ENGINEERING COLLEGE SEACOM ENGINEERING COLLEGE 09/02/2024   541.369 R231 03059 27/02/2024 7 27/02/2024 Books
    Dewey Decimal Classification     SEACOM ENGINEERING COLLEGE SEACOM ENGINEERING COLLEGE 09/02/2024   541.369 R231 03060 27/02/2024 8 27/02/2024 Books
    Dewey Decimal Classification     SEACOM ENGINEERING COLLEGE SEACOM ENGINEERING COLLEGE 09/02/2024   541.369 R231 03061 27/02/2024 9 27/02/2024 Books
© Seacom Engineering College, All rights reserved.      Powered by Koha